LEADER 01494nam a2200301 i 4500 001 991004012749707536 005 20020506112227.0 008 941024s1991 uk ||| | eng 020 $a185278470 020 $a1852784687 020 $a1852784695 035 $ab1058755x-39ule_inst 035 $aEXGIL130763$9ExL 040 $aBiblioteca Interfacoltà$bita 100 1 $aBlaug, Mark$0107072 245 10$aPre-Classical economists /$cedited by Mark Blaug 260 $aAldershot :$bElgar publishing,$cc1991 300 $a3 v. ;$c25 cm. 490 0 $aPioneers in economics ;$v6,7,8 500 $a1: Charles Davenant (1656-1714) and William Petty (1623-1678); 2: Pierre le Pesant Boisguilbert (1645-1714), George Berkley (1685-1753), Baron de Montesquieu (1689-1755), Ferdinando Galiani (1727-1787), James Anderson (1739-1808), Dugald Stewart (1753-1828); 3: John Law (1671-1729) and Bernard Mandeville (1660-1733) 907 $a.b1058755x$b23-02-17$c27-06-02 912 $a991004012749707536 945 $aLE002 Dir. VII M 8/I$g1$i2002000973894$lle002$o-$pE0.00$q-$rl$s- $t0$u0$v0$w0$x0$y.i10671535$z27-06-02 945 $aLE002 Dir. VII M 8/II$cV. 2$g1$i2002000973900$lle002$o-$pE0.00$q-$rl$s- $t0$u0$v0$w0$x0$y.i15094248$z19-03-10 945 $aLE002 Dir. VII M 8/III$cV. 3$g1$i2002000973917$lle002$o-$pE0.00$q-$rl$s- $t0$u0$v0$w0$x0$y.i1509425x$z19-03-10 996 $aPre-Classical economists$9237678 997 $aUNISALENTO 998 $ale002$b01-01-94$cm$da $e-$feng$guk $h0$i1 LEADER 01970nam 2200577 450 001 9910798569403321 005 20230808194045.0 035 $a(CKB)3710000000744213 035 $a(PQKBManifestationID)16474784 035 $a(PQKBWorkID)15014527 035 $a(PQKB)20887810 035 $a(DLC) 2016026353 035 $a(MiAaPQ)EBC4591450 035 $a(EXLCZ)993710000000744213 100 $a20160805h20162016 uy 0 101 0 $aeng 135 $aurcnu|||||||| 181 $ctxt 182 $cc 183 $acr 200 00$aGenre- and register-related discourse features in contrast /$fedited by Marie-Aude Lefer, Svetlana Vogeleer 210 1$aAmsterdam, Netherlands ;$aPhiladelphia, Pennsylvania :$cJohn Benjamins Publishing Company,$d2016. 210 4$d©2016 215 $a1 online resource (171 pages) 225 0 $aBenjamins current topics,$x1874-0081 ;$v87 300 $aBibliographic Level Mode of Issuance: Monograph 311 $a90-272-6680-8 311 $a90-272-4275-5 320 $aIncludes bibliographical references at the end of each chapters and index. 606 $aContrastive linguistics 606 $aRhetoric$xData processing 606 $aRegister (Linguistics) 606 $aDiscourse analysis$xData processing 606 $aTranslating and interpreting$xData processing 606 $aCorpora (Linguistics) 615 0$aContrastive linguistics. 615 0$aRhetoric$xData processing. 615 0$aRegister (Linguistics) 615 0$aDiscourse analysis$xData processing. 615 0$aTranslating and interpreting$xData processing. 615 0$aCorpora (Linguistics) 676 $a401/.41 702 $aLefer$b Marie-Aude 702 $aVogeleer$b Sv$g(Svetlana), 801 0$bMiAaPQ 801 1$bMiAaPQ 801 2$bMiAaPQ 906 $aBOOK 912 $a9910798569403321 996 $aGenre- and register-related discourse features in contrast$93851840 997 $aUNINA